Statistics for How many power rangers can you name

Click here to take the quiz!

General Stats

  • This quiz has been taken 379 times
  • The average score is 10 of 15

Answer Stats

HintAnswer% Correct
TylerRed ranger
91%
KodaBlue ranger
90%
ChaseBlack ranger
88%
RileyGreen ranger
88%
ShelbyPink ranger
88%
IvanGold ranger
84%
Ms. MorganPurple ranger
78%
ZenowingSilver ranger
68%
JamesAqua ranger
60%
Tyler zordT-rex
55%
Prince PhillipGraphite ranger
51%
Shelby zordTricera
39%
Riley zordRaptor
29%
James zordAnkylo
25%
Zenowing zordTitano
22%

Score Distribution

Percentile by Number Answered

Percent of People with Each Score

Your Score History

You have not taken this quiz